| 000 | 00660cam a2200193 a 4500 | ||
|---|---|---|---|
| 020 | _a0072320737 (alk. paper) | ||
| 040 | _cDLC | ||
| 082 | 0 | 0 | _a370 MCG 2000 A021 Or. |
| 100 | 1 | _aSpring, Joel H. | |
| 245 | 1 | 4 |
_aThe intersection of cultures : _bmulticultural education in the United States and the global economy / |
| 250 | _a2nd ed. | ||
| 260 |
_aBoston : _bMcGraw-Hill, _cc2000. |
||
| 300 |
_axi, 228 p. ; _c24 cm. |
||
| 650 | 0 | _aMulticultural education | |
| 650 | 0 | _aInternational economic relations. | |
| 856 | 4 | 2 | _uhttp://www.loc.gov/catdir/description/mh023/99018623.html |
| 856 | 4 | 1 | _uhttp://www.loc.gov/catdir/toc/mh023/99018623.html |
| 942 | _cEK | ||
| 999 |
_c12610 _d12610 |
||